02828nkm a2200325za 450000100060000000300040000600500170001000700070002700800410003404000240007524500750009926000200017430000890019450001370028350002770042050401890069750502260088651001710111254401890128361000640147265100220153665500320155885200120159085601500160285601500175285601500190285601500205285601500220285601500235284431OSt20260420151009.0kh boc250408s19001903sp ||||| |||| 00| i|spa d cM-RABAaM-RABAbspa0 a[Iglesia de San Cebrián de Mazote, Valladolid]h[Material gráfico] c[ca. 1900-1903] a6 fotografíasb: gelatinac; imagen 12,5 x 17 cm c; soporte secundario 21 x 26 cm aConjunto de fotografías dedicadas a la Iglesia de San Cebrián de Mazote, en Valladolid, vista desde diferentes lados y detalles. aLas fotografías están montadas sobre soporte secundario de cartón con marco decorativo grabado en dorado y anotaciones manuscritas a tinta. En la parte superior de todas "Iglesia de San Cebrián de Mazote (Valladolid)"; en la parte inferior la parte que representa. aLampérez, V.: “La iglesia de San Cebrián de Mazote”, en B.S.E.E., t. X, 1902, p. 185; Lampérez: Idem, en Boletín de la Academia de la Historia, T. LXVIII, p. 211-34, 1916.  aFot-557. "Vista por el lado de Mediodía" -- Fot-558. "Nave central" -- Fot-559. "Detalle de los arcos de las naves" -- Fot-560. "Detalle del crucero" -- Fot-561. "Vista del testero" -- Fot-562. "Vista por el lado Norte" aLas mismas fotografías publicadas en: Agapito y Revilla, J.: La iglesia de San Cebrián de Mazote (Valladolid): notas histórico-arqueológicas, Palencia, 1903.  aInforme de la Comisión Provincial de Monumentos de Valladolid para que sea declarada Monumento Nacional, (1904): Archivo: 45-2/4 . – Seguramente donadas por Juan Agapito y Revilla.27aIglesia de San Cebrián de Mazote (cValladolid, España) 7aValladolid2embne 0aFotografías de monumentos jFot-557 3Fot-557uhttps://archivoybiblioteca.realacademiabellasartessanfernando.com/cgi-bin/koha/opac-retrieve-file.pl?id=1c51554eae97f9fdcd16acd45fbb2b11 3Fot-558uhttps://archivoybiblioteca.realacademiabellasartessanfernando.com/cgi-bin/koha/opac-retrieve-file.pl?id=3fb3da19aad2b100da2ce8a8df76137d 3Fot-559uhttps://archivoybiblioteca.realacademiabellasartessanfernando.com/cgi-bin/koha/opac-retrieve-file.pl?id=1ce18e696df4086dd41bd9e93ae57a33 3Fot-560uhttps://archivoybiblioteca.realacademiabellasartessanfernando.com/cgi-bin/koha/opac-retrieve-file.pl?id=8c352de4c892a362e5c3509f0ccf9572 3Fot-561uhttps://archivoybiblioteca.realacademiabellasartessanfernando.com/cgi-bin/koha/opac-retrieve-file.pl?id=82442ddd2a524f66d2a8fdea1fcc4ff6 3Fot-562uhttps://archivoybiblioteca.realacademiabellasartessanfernando.com/cgi-bin/koha/opac-retrieve-file.pl?id=188d394d720f1c1801ffd4ac9b98f76a